[Event "Rostov-ch"]
[Site "Rostov on Don"]
[Date "2010.??.??"]
[Round "8"]
[White "Fastova, Tatiana"]
[Black "Milushev, Oleg"]
[Result "0-1"]
[WhiteElo "2058"]
[BlackElo "2163"]
[PlyCount "154"]
[EventDate "2010.11.21"]
[EventType "swiss"]
[EventRounds "9"]
[EventCountry "RUS"]
[SourceTitle "EXT 2012"]
[Source "ChessBase"]
[SourceDate "2011.11.24"]
[SourceVersion "1"]
[SourceVersionDate "2011.11.24"]
[SourceQuality "1"]

1. e4 c5 2. Nf3 d6 3. d4 cxd4 4. Nxd4 Nf6 5. Nc3 a6 6. Be2 e5 7. Nb3 Be6 8. f4 exf4 9. Bxf4 Nc6 10. 0-0 Be7 11. Kh1 0-0 12. Nd4 Nxd4 13. Qxd4 Qc7 14. Rad1 Rfd8 15. Qf2 Nd7 16. Bd3 Bf6 17. Qg3 Be5 18. Nd5 Bxd5 19. exd5 Bxf4 20. Qxf4 Ne5 21. c3 Qe7 22. h3 Re8 23. Qf5 g6 24. Qf6 Rad8 25. Qxe7 Rxe7 26. Rf2 f5 27. Kg1 Rc8 28. Rc2 Kg7 29. Kf2 Rc5 30. c4 Rec7 31. Bf1 a5 32. Rdc1 b5 33. b3 b4 34. Ke3 a4 35. bxa4 Ra7 36. Rb1 Rxa4 37. Kd4 Kf6 38. Rb3 Rca5 39. Rcb2 Nd7 40. Be2 Nc5 41. Rxb4 Rxb4 42. Rxb4 Rxa2 43. Bf3 Kg5 44. Rb6 Ra6 45. Rc6 Nb3+ 46. Kc3 Nc5 47. Kb4 Kf6 48. Kb5 Rxc6 49. dxc6 Ke7 50. Kb6 Kd8 51. Bd5 Na4+ 52. Kb5 Nc3+ 53. Kb4 Ne4 54. Kb3 Nc5+ 55. Kb4 h6 56. Bf7 g5 57. Bd5 Kc7 58. Kb5 Nb3 59. Kb4 Nd4 60. Kc3 Nxc6 61. Be6 Ne7 62. Kd4 Kc6 63. Bf7 Kd7 64. Kd3 Nc6 65. Ke3 Ne5 66. Bd5 Ke7 67. Kd4 Nd7 68. Bc6 h5 69. Bf3 h4 70. Bc6 Ne5 71. Bb7 Ng6 72. Bc6 Nf4 73. Bb7 Ne6+ 74. Kd5 g4 75. hxg4 fxg4 76. Bc6 Nf4+ 77. Kd4 d5 0-1

[Event "Rostov on Don-ch op"]
[Site "Rostov on Don"]
[Date "2008.12.??"]
[Round "3"]
[White "Milushev, Oleg"]
[Black "Gulinsky, Vladimir"]
[Result "1/2-1/2"]
[WhiteElo "2171"]
[BlackElo "2007"]
[PlyCount "145"]
[EventDate "2008.12.19"]
[EventType "swiss"]
[EventRounds "9"]
[EventCountry "RUS"]
[SourceTitle "EXT 2022"]
[Source "ChessBase"]
[SourceDate "2021.10.06"]
[SourceVersion "1"]
[SourceVersionDate "2021.10.06"]
[SourceQuality "1"]

1. d4 d5 2. c4 c6 3. Nc3 Nf6 4. Nf3 e6 5. e3 Nbd7 6. Qc2 Bd6 7. g4 0-0 8. g5 Nh5 9. Bd3 g6 10. Bd2 dxc4 11. Bxc4 b5 12. Be2 Bb7 13. Ne4 Be7 14. Ne5 Nxe5 15. dxe5 Qd5 16. Bxh5 gxh5 17. Rg1 c5 18. Ng3 h4 19. Nh5 Qf3 20. Nf4 Kh8 21. Qd1 Rad8 22. Qe2 Rd7 23. Ba5 b4 24. Rd1 Rxd1+ 25. Qxd1 Qe4 26. Bc7 Rg8 27. Qd3 c4 28. Qxe4 Bxe4 29. Ke2 b3 30. axb3 cxb3 31. Ba5 Bxg5 32. Nh3 Be7 33. Rxg8+ Kxg8 34. Kd2 Kg7 35. Kc3 Bc2 36. Nf4 Kh6 37. Kd4 Kg5 38. f3 Kf5 39. Bd2 Bg5 40. h3 Bxf4 41. exf4 Kg6 42. Ke3 Bf5 43. Bb4 Bxh3 44. Be7 Kh5 45. Kf2 Bf5 46. Kg2 h3+ 47. Kg3 a5 48. Bd8 a4 49. Be7 Kg6 50. Kh2 h5 51. Kg3 h4+ 52. Kh2 Bd3 53. Kxh3 Kf5 54. Kxh4 Kxf4 55. Bd6 Be2 56. Kh5 Bxf3+ 57. Kh4 Bg2 58. Kh5 Kf5 59. Kh4 f6 60. exf6 Kxf6 61. Kg3 Bh1 62. Kf4 Ba8 63. Ke3 e5 64. Bf8 Bd5 65. Ba3 Kf5 66. Bf8 Kg4 67. Bd6 e4 68. Bf8 Kg3 69. Bd6+ Kg2 70. Bf8 Kf1 71. Bb4 Bc6 72. Bc3 Ba8 73. Bb4 1/2-1/2

[Event "Rostov on Don-ch op"]
[Site "Rostov on Don"]
[Date "2008.12.??"]
[Round "7"]
[White "Milushev, Oleg"]
[Black "Petrov, Artur"]
[Result "0-1"]
[WhiteElo "2171"]
[BlackElo "2253"]
[PlyCount "56"]
[EventDate "2008.12.19"]
[EventType "swiss"]
[EventRounds "9"]
[EventCountry "RUS"]
[SourceTitle "EXT 2022"]
[Source "ChessBase"]
[SourceDate "2021.10.06"]
[SourceVersion "1"]
[SourceVersionDate "2021.10.06"]
[SourceQuality "1"]

1. d4 Nf6 2. Nf3 d6 3. c4 g6 4. Nc3 Bg7 5. e4 0-0 6. Be2 e5 7. 0-0 Nc6 8. d5 Ne7 9. b4 Nh5 10. Re1 f5 11. Ng5 Nf6 12. Bf3 c6 13. Bb2 h6 14. Ne6 Bxe6 15. dxe6 Ne8 16. Qb3 fxe4 17. Nxe4 Qc8 18. Bg4 Rf4 19. Bh3 d5 20. cxd5 cxd5 21. Rac1 Qd8 22. Nc5 Qb6 23. Nd3 Rf8 24. Bxe5 Bxe5 25. Rxe5 Nd6 26. Nc5 Rf4 27. a3 Rc8 28. g3 Rff8 0-1

[Event "Rostov on Don-ch op"]
[Site "Rostov on Don"]
[Date "2008.12.??"]
[Round "4"]
[White "Rasstriguine, Andrei"]
[Black "Milushev, Oleg"]
[Result "0-1"]
[WhiteElo "2111"]
[BlackElo "2171"]
[PlyCount "52"]
[EventDate "2008.12.19"]
[EventType "swiss"]
[EventRounds "9"]
[EventCountry "RUS"]
[SourceTitle "EXT 2022"]
[Source "ChessBase"]
[SourceDate "2021.10.06"]
[SourceVersion "1"]
[SourceVersionDate "2021.10.06"]
[SourceQuality "1"]

1. Nf3 Nf6 2. c4 g6 3. Nc3 d5 4. Qa4+ c6 5. cxd5 Nxd5 6. Nxd5 Qxd5 7. e4 Qd8 8. d4 Bg7 9. Be3 0-0 10. Rd1 Nd7 11. Be2 Nf6 12. Qc2 Bg4 13. 0-0 Bxf3 14. Bxf3 Qc8 15. h3 Rd8 16. Rd3 h5 17. Rfd1 Qe6 18. Rb3 Rd7 19. a4 Rad8 20. a5 a6 21. Rb6 Qa2 22. Qc5 e5 23. Qb4 exd4 24. Rxd4 Rxd4 25. Bxd4 Qb1+ 26. Kh2 Rxd4 0-1